[Event "Coulsden op"]
[Site "Coulsden"]
[Date "1999.09.06"]
[Round "9"]
[White "Buckley, Graeme"]
[Black "Cherniaev, Alexander"]
[Result "1-0"]
[WhiteElo "2320"]
[BlackElo "2432"]

1.d4 Nf6 2.c4 e6 3.Nc3 Bb4 4.Nf3 c5 5.e3 b6 6.Bd3 Bb7 7.O-O O-O 8.Bd2 d6
9.a3 Bxc3 10.Bxc3 Ne4 11.Be1 Nd7 12.Nd2 f5 13.f3 Nxd2 14.Bxd2 Qh4 15.Bc3 Rf6
16.Qe1 Qh5 17.b4 Rg6 18.Kh1 Rf8 19.Ra2 e5 20.bxc5 dxc5 21.d5 Rh6 22.h3 Bc8
23.Qg3 Qe8 24.a4 Rg6 25.Qh2 e4 26.fxe4 fxe4 27.Be2 Rg5 28.Raa1 Rgf5 29.Rxf5 Rxf5
30.Bg4 Rf8 31.Be6+ Kh8 32.Qc7 Nf6 33.Bxc8 Qxc8 34.Qxa7 Nh5 35.Qxb6 Qf5 36.Kh2 Qf2
37.Qd6 Kg8 38.Qe6+ Kh8 39.Qd6 Kg8 40.Qe6+ Kh8 41.Qg4 Qxe3 42.Rf1 Nf6 43.Bxf6 gxf6
44.Qe6 Qd4 45.a5 e3 46.Rf3 Rb8 47.Rxe3 Qf4+ 48.Rg3  1-0

[Event "EU-ch U16"]
[Site "Litohoto"]
[Date "1999.09.06"]
[Round "4"]
[White "Kekenj, Aleksandar"]
[Black "Zivanic, Marko"]
[Result "1/2-1/2"]
[WhiteElo "2236"]
[BlackElo "2300"]

1.d4 Nf6 2.c4 e6 3.Nc3 Bb4 4.Nf3 b6 5.e3 Bb7 6.Bd3 c5 7.O-O cxd4 8.exd4 O-O
9.Bg5 Be7 10.Qe2 h6 11.Bh4 Nh5 12.Bxe7 Qxe7 13.Qe3 d6 14.Rfe1 Nf6 15.d5 e5
16.Nh4 Bc8 17.Nb5 Ne8 18.Bf5 Nd7 19.Qh3 g6 20.Re3 Ng7 21.Bxg6 fxg6 22.Nxg6 Qf6
23.Nxf8 Nxf8 24.Rf3 Qg6 25.Qg3 Bg4 26.Ra3 Nh5 27.Qh4 Nf4 28.Nxd6 Bd7 29.Rg3 Ne2+
30.Kf1 Nxg3+ 31.Qxg3 Bg4 32.Qxe5 Rd8 33.Ne4 Nd7 34.Qd4 Rf8 35.Re1 Re8 36.Re3 Kh7
37.Ng5+ hxg5 38.Rxe8 Qxe8 39.Qxg4 Qe7 40.f4 gxf4 41.Qxf4 a5 42.g4 Nc5 43.g5 Qg7
44.Qf5+ Kg8 45.Qc8+ Kh7 46.Qf5+ Kg8 47.g6 Qh6 48.Qf7+ Kh8 49.Qf6+ Kg8 50.Qf7+ Kh8
51.Qh7+ Qxh7 52.gxh7 Kxh7 53.Ke2 Kg6 54.Ke3 Kf5 55.Kd4 Ne4 56.b3 Nd6 57.a3 Kf4
58.b4 Nf5+ 59.Kc3  1/2-1/2

[Event "CRO-chT"]
[Site "Pula"]
[Date "1999.09.14"]
[Round "5"]
[White "Bozinovic, Bogdan"]
[Black "Matijevic, Hrvoje"]
[Result "1/2-1/2"]
[WhiteElo "2288"]
[BlackElo "2268"]

1.d4 Nf6 2.c4 e6 3.Nc3 Bb4 4.Nf3 c5 5.g3 Nc6 6.Bg2 O-O 7.O-O b6 8.Ne5 cxd4
9.Nb5 Bb7 10.Nxd4 Qc7 11.Nexc6 dxc6 12.Qa4 Bc5 13.Nxc6 Rfc8 14.Nb4 Bxg2 15.Kxg2 Qe5
16.Nd3  1/2-1/2

[Event "Budapest FS10 GM"]
[Site "Budapest"]
[Date "1999.10.04"]
[Round "3"]
[White "Czebe, Attila"]
[Black "Vovsha, Eli"]
[Result "1-0"]
[WhiteElo "2414"]
[BlackElo "2289"]

1.Nf3 Nf6 2.c4 e6 3.d4 Bb4+ 4.Nc3 c5 5.g3 cxd4 6.Nxd4 Ne4 7.Qd3 Bxc3+ 8.bxc3 Nc5
9.Qe3 d6 10.Bg2 O-O 11.O-O a6 12.Nb3 Qc7 13.Rd1 Na4 14.Ba3 Rd8 15.c5 d5 16.c4 Nc6
17.cxd5 exd5 18.Rxd5 Bd7 19.Rad1 b5 20.Rd6 Rab8 21.Qg5 Be8 22.Bxc6 Rxd6 23.cxd6 Qxc6
24.d7 Bxd7 25.Qe7 Nb6 26.Rd6 Qa8 27.Rxb6 Rxb6 28.Qxd7 Rb8 29.Qg4 Rd8 30.e4 Qc6
31.Bb2 f6 32.Nd4 Qd6 33.Kg2 h5 34.Qg6 Qd7 35.Qxh5 Qf7 36.Qg4 Qxa2 37.Nf5 Rd7
38.Nh6+ Kh7 39.Qxd7 Kxh6 40.Qh3+ Kg6 41.Qf5+ Kf7 42.Qd5+ Qxd5 43.exd5 a5
44.Kf3  1-0

[Event "EU-ch U20"]
[Site "Patras"]
[Date "1999.10.13"]
[Round "8"]
[White "Karner, Christoph"]
[Black "Johannessen, Leif Erlend"]
[Result "1/2-1/2"]
[WhiteElo "2181"]
[BlackElo "2356"]

1.d4 e6 2.c4 Nf6 3.Nc3 Bb4 4.Nf3 b6 5.Bg5 Bxc3+ 6.bxc3 Bb7 7.e3 h6 8.Bh4 Qe7
9.Nd2 g5 10.Bg3 d6 11.f3 Nc6 12.Bd3 e5 13.d5 Nb8 14.O-O Nbd7 15.Bf5 O-O-O
16.a4 a5 17.e4 Kb8 18.Bxd7 Nxd7 19.Bf2 Ba6 20.Qe2 h5 21.Rfb1 Rdf8 22.Rb2 Ka8
23.Rab1 Rhg8 24.Be3 f6 25.Nf1 h4 26.h3 Bc8 27.Nd2 Nc5 28.Bxc5 dxc5 29.Nf1 Qd6
30.Ne3 Bd7  1/2-1/2

[Event "BL9900 (Women)"]
[Site "Germany"]
[Date "1999.10.16"]
[Round "1.4"]
[White "Bosboom Lanchava, Tea"]
[Black "Jahn, Constanze"]
[Result "0-1"]
[WhiteElo "2297"]
[BlackElo "2128"]

1.d4 Nf6 2.c4 e6 3.Nc3 Bb4 4.Nf3 b6 5.g3 Bb7 6.Bg2 O-O 7.O-O Bxc3 8.bxc3 h6
9.Re1 d6 10.Qc2 Be4 11.Qb3 Nc6 12.Bf1 Na5 13.Qa4 c5 14.Nd2 Bc6 15.Qc2 Rc8
16.Ba3 Re8 17.Rac1 Bb7 18.e4 cxd4 19.cxd4 d5 20.exd5 Bxd5 21.Qd3 Bb7 22.Bb4 Qd7
23.Bxa5 bxa5 24.Nb3 Qc6 25.d5 exd5 26.Nxa5 Qc7 27.Qa3 dxc4 28.Bxc4 Rxe1+
29.Rxe1 Be4 30.Rc1 Rd8 31.Nb3 Qxc4 32.f3 Qe2 33.fxe4 Ng4 34.Qxa7 Ne3  0-1

[Event "BL9900 (Women)"]
[Site "Germany"]
[Date "1999.10.17"]
[Round "2.2"]
[White "Vasilevich, Tatjana"]
[Black "Lelchuk, Zoja"]
[Result "1-0"]
[WhiteElo "2400"]
[BlackElo "2379"]

1.d4 Nf6 2.c4 e6 3.Nc3 Bb4 4.Nf3 c5 5.g3 O-O 6.Bg2 Nc6 7.d5 Ne7 8.Bg5 Ne4
9.Qd3 Bxc3+ 10.bxc3 Nxg5 11.Nxg5 f5 12.h4 h6 13.Nh3 Ng6 14.f4 Rb8 15.O-O d6
16.e4 b6 17.Rae1 exd5 18.Qxd5+ Kh8 19.Nf2 Qf6 20.Qd3 Ne7 21.e5 dxe5 22.fxe5 Qe6
23.Bd5 Qd7 24.Nh3 Ba6 25.Nf4 Rfd8 26.Qf3 Qa4 27.Ne6 Rd7 28.Rd1 Nxd5 29.cxd5 Bxf1
30.Rxf1 Qxa2 31.Nf4 Rbd8 32.d6 Re8 33.Ng6+ Kg8 34.Qxf5 Qe6 35.Qxe6+ Rxe6
36.Nf8 Rexd6 37.exd6 Rxd6 38.c4 Rd4 39.Ne6 Rxc4 40.Rf8+ Kh7 41.Rf7 Rg4 42.Kf2 a5
43.Nf4 h5 44.Kf3 a4 45.Rb7 a3 46.Rxb6 g5 47.Rb7+ Kh6 48.Rb6+ Kh7 49.hxg5 Rxg5
50.Ra6 c4 51.Rxa3 Rb5 52.Ra7+ Kh6 53.Ra6+ Kh7 54.Rc6 Rb3+ 55.Kg2 h4 56.gxh4 c3
57.Ne2 Rb2 58.Kf3 c2 59.Nd4 Rb4 60.Ke4 Rb1 61.Rxc2 Kg6 62.Rc5 Kh6 63.Kf4 Rb4
64.Rd5 Rb1 65.Nf5+ Kh5 66.Ng3+ Kh6 67.Rd6+ Kh7 68.Kg5 Rg1 69.Rd7+ Kh8 70.Kf4 Ra1
71.h5 Rb1 72.Nf5 Rf1+ 73.Kg5 Rg1+ 74.Kh6  1-0

[Event "ARM-ch"]
[Site "Yerevan"]
[Date "1999.10.25"]
[Round "10"]
[White "Nadanian, Ashot"]
[Black "Aronian, Levon"]
[Result "0-1"]
[WhiteElo "2410"]
[BlackElo "2518"]

1.d4 Nf6 2.c4 e6 3.Nf3 Bb4+ 4.Nc3 c5 5.e3 O-O 6.Bd3 d5 7.O-O dxc4 8.Bxc4 Nbd7
9.Qe2 a6 10.a3 Ba5 11.b4 cxb4 12.Na2 bxa3 13.Bxa3 Re8 14.e4 b5 15.Bd3 Bb7
16.e5 Nd5 17.Qe4 g6 18.Bc1 f5 19.exf6 Qxf6 20.Rd1 Nc5 21.dxc5 Qxa1 22.c6 Qxa2
23.cxb7 Rab8 24.Bh6 Rxb7 25.Qg4 Qa4 26.Nd4 Nf6 27.Qf3 Rf7 28.Bc2 Qc4 29.Bb3 Qc8
30.Qe2 Nd5 31.Rc1 Qd7 32.Rc6 Nc3 33.Rxc3 Bxc3 34.Nxe6 Kh8 35.h4 b4 36.h5 Rf6
37.hxg6 Rexe6 38.g7+ Kg8 39.Qh5 Rxh6 40.Qxh6 Qd1+  0-1

[Event "Monarch Assurance 8th"]
[Site "Port Erin"]
[Date "1999.11.07"]
[Round "2"]
[White "Parker, Jonathan"]
[Black "Tiviakov, Sergei"]
[Result "0-1"]
[WhiteElo "2523"]
[BlackElo "2611"]

1.d4 Nf6 2.c4 e6 3.Nc3 Bb4 4.Nf3 c5 5.g3 cxd4 6.Nxd4 O-O 7.Bg2 d5 8.Qd3 Bxc3+
9.Qxc3 e5 10.Nb3 dxc4 11.Qxc4 Be6 12.Qh4 Bd5 13.Bxd5 Qxd5 14.O-O Nbd7 15.Bg5 Qb5
16.Rfe1 a5 17.Nd2 Qxb2 18.Nc4 Qc2 19.Bxf6 Nxf6 20.Nxe5 b5 21.Ng4 Nxg4 22.Qxg4 b4
23.Rec1 Qb2 24.Qc4 Rfe8 25.Kf1 Rad8 26.Rab1 Qe5 27.Rb3 Rd4 28.Qa6 Qd5 29.f3 Rd1+
30.Rxd1 Qxd1+ 31.Kf2 Qh1 32.Re3 Qxh2+ 33.Kf1 Rd8 34.Rd3 Qh3+ 35.Kf2 Rc8 36.f4 Qh2+
37.Kf3 Re8 38.Re3 Rxe3+ 39.Kxe3 Qxg3+  0-1

[Event "Monarch Assurance 8th"]
[Site "Port Erin"]
[Date "1999.11.10"]
[Round "5"]
[White "Shneider, Aleksandr"]
[Black "Parker, Jonathan"]
[Result "0-1"]
[WhiteElo "2551"]
[BlackElo "2523"]

1.d4 Nf6 2.c4 e6 3.Nc3 Bb4 4.Nf3 b6 5.Bg5 Bb7 6.e3 h6 7.Bh4 g5 8.Bg3 Ne4
9.Qc2 Bxc3+ 10.bxc3 d6 11.Bd3 f5 12.d5 Nd7 13.Nd4 Ndc5 14.dxe6 Qf6 15.f3 f4
16.exf4 gxf4 17.Bf2 Nxd3+ 18.Qxd3 Nc5 19.Qe2 O-O-O 20.O-O-O Rde8 21.Rhe1 Rhg8
22.Bg1 Kb8 23.Rd2 Nxe6 24.Kb2 Ng7 25.Qd1 Qf7 26.Rxe8+ Rxe8 27.Qa4 Ne6 28.Nc6+ Bxc6
29.Qxc6 Nd8 30.Qd5 Qg6 31.Rc2 Re5 32.Qd2 Qf7 33.Qd3 Nc6 34.Re2 Qe6 35.Rxe5 Nxe5
36.Qe4 Nxc4+ 37.Kc1 Ne5 38.Kb1 Qg8 39.Qe2 Qd5 40.Bd4 Nc4 41.Qe8+ Kb7 42.Kc2 Qg5
43.Qe2 d5 44.Kc1 c5 45.Bg1 Qe5 46.Qxe5 Nxe5 47.Kd2 Kc6 48.Bf2 a5 49.Bh4 b5
50.Bf6 Kd6 51.Bg7 h5 52.Bf8+ Kc6 53.Bh6 Ng6 54.g3 fxg3 55.hxg3 h4 56.gxh4 Nxh4
57.f4 Nf5 58.Bg5 b4 59.a4 bxa3 60.Kc2 d4 61.cxd4 cxd4 62.Bf6 a4 63.Bd8 Kb5
64.Bf6 Kc4 65.Bd8 d3+  0-1

[Event "ch-ESP (team) Div 2"]
[Site "Cala Galdana ESP"]
[Date "1999.11.14"]
[Round "7"]
[White "Rojo Huerta,G"]
[Black "Lopez Martinez,J"]
[Result "0-1"]
[WhiteElo "2384"]
[BlackElo "2378"]

1.d4 Nf6 2.c4 e6 3.Nc3 Bb4 4.Nf3 c5 5.g3 O-O 6.Bg2 cxd4 7.Nxd4 d5 8.cxd5 Nxd5
9.Bd2 Bxc3 10.bxc3 e5 11.Nb5 Nc6 12.c4 Nde7 13.Bc3 Be6 14.Nd6 Qc7 15.O-O Rad8
16.c5 Nf5 17.Nb5 Qe7 18.Qa4 Qxc5 19.Rfc1 Bc4 20.Na3 b5 21.Qc2 Nfd4 22.Bxd4 Nxd4
23.Qb2 Nxe2+ 24.Qxe2 Qxa3 25.Qxe5 Rd2 26.Bf1 Bxf1 27.Rxf1 b4 28.Rfb1 a5 29.Rb3 Qa4
30.Rb2 Rd3 31.Rc1 Re8 32.Qf5 Rc3 33.Rf1 g6 34.Qd5 Qa3 35.Rd2 Rec8 36.Qg5 R3c5
37.Qe7 Kg7 38.Rfd1 Qf3 39.Rd3 Qf5 40.Rd8 Rxd8 41.Rxd8 Rd5 42.Qf8+ Kf6 43.Qh8+ Kg5
44.Qxh7 Qb1+ 45.Kg2 Qe4+ 46.f3 Qe2+ 47.Kg1 Qd1+ 48.Kg2 Rxd8 49.Qh4+ Kf5  0-1

[Event "Masters"]
[Site "Kilkenny IRL"]
[Date "1999.11.27"]
[Round "4"]
[White "Quinn,M"]
[Black "O'Cinneide,M"]
[Result "0-1"]
[WhiteElo "2377"]
[BlackElo "2252"]

1.d4 Nf6 2.c4 e6 3.Nc3 Bb4 4.Nf3 b6 5.Qb3 c5 6.Bf4 Nc6 7.e3 Ba6 8.dxc5 bxc5
9.a3 Ba5 10.Qc2 Bc7 11.Bxc7 Qxc7 12.Be2 O-O 13.O-O Rab8 14.Rfd1 Ne5 15.Ng5 h6
16.Nge4 Neg4 17.Ng3 h5 18.Nf1 h4 19.h3 Ne5 20.Nd2 Qc6 21.f4 Bb7 22.Nf3 Ng6
23.Bd3 Ne7 24.Nxh4 d5 25.Nf3 Ba8 26.Ne5 Qb7 27.Rd2 Rfd8 28.Rad1 Nc6 29.Nxc6 Qxc6
30.Bf1 Rd7 31.Kh2 a6 32.Qa4 Qb6 33.cxd5 exd5 34.Qxa6 Qd8 35.Bb5  0-1

[Event "National Chess Congress"]
[Site "Philadelphia USA"]
[Date "1999.11.27"]
[Round "4"]
[White "Sammour Hasbun,J"]
[Black "Karklins,A"]
[Result "1/2-1/2"]
[WhiteElo "2441"]
[BlackElo "2345"]

1.Nf3 Nf6 2.d4 e6 3.c4 Bb4+ 4.Nc3 c5 5.Qb3 d6 6.a3 Ba5 7.dxc5 dxc5 8.Bg5 h6
9.Bh4 Qb6 10.Qc2 Ne4 11.O-O-O Nxc3 12.Rd8+ Qxd8 13.Bxd8 Kxd8 14.bxc3 Nc6
15.g3 Ke7 16.Bg2 Bd7 17.Rd1 Bc7 18.Nd2 Na5 19.Ne4 b6 20.Nd6 Rad8 21.Nb7  1/2-1/2

[Event "Eu Team Ch"]
[Site "Batumi GEO"]
[Date "1999.12.06"]
[Round "8"]
[White "Hillarp Persson,T"]
[Black "Ionescu,Co"]
[Result "1-0"]
[WhiteElo "2507"]
[BlackElo "2434"]

1.d4 Nf6 2.c4 e6 3.Nc3 Bb4 4.Nf3 c5 5.e3 O-O 6.Bd3 d5 7.O-O dxc4 8.Bxc4 Nbd7
9.Qe2 b6 10.Rd1 cxd4 11.exd4 Bxc3 12.bxc3 Qc7 13.Bd2 Bb7 14.Bd3 Rfe8 15.Re1 Rac8
16.a4 Bd5 17.Ne5 Nxe5 18.dxe5 Nd7 19.Qh5 g6 20.Qh4 Bc4 21.Bc2 Qb8 22.Bg5 Bd5
23.Re3 Nxe5 24.Rh3 h5 25.Bf6 Nd7 26.Rg3 Rc4 27.Bd4 Nf8 28.Bd3 Rxd4 29.cxd4 Rc8
30.Qg5 Rc3 31.h4 Qd6 32.Rc1 Rxc1+ 33.Qxc1 Qb4 34.Qa1 Qe7 35.Rh3 Qf6 36.Qc3 Qf4
37.Bf1 Nh7 38.Qe3 Qg4 39.Qe5 Qd1 40.Rc3 Qd2 41.Rc8+ Nf8 42.Qd6  1-0

[Event "Bundesliga 1999-2000"]
[Site "Bremen GER"]
[Date "1999.12.12"]
[Round "6"]
[White "Pelletier,Y"]
[Black "Marciano,D"]
[Result "1/2-1/2"]
[WhiteElo "2479"]
[BlackElo "2529"]

1.c4 e6 2.d4 Nf6 3.Nc3 Bb4 4.Nf3 d5 5.Qa4+ Nc6 6.e3 O-O 7.Bd2 Bxc3 8.Bxc3 Ne4
9.Qb3 Re8 10.Bd3 Nxc3 11.Qxc3 e5 12.dxe5 dxc4 13.Be4 Bg4 14.Bxc6 bxc6 15.Nd2 Qd5
16.f3 Be6 17.Rc1 Rab8 18.O-O Red8 19.Rf2 Qb5 20.Nxc4 Bxc4 21.Qxc4 Rd1+ 22.Rf1 Rxf1+
23.Kxf1 Qxe5 24.Qd4 Qxd4 25.exd4 Rxb2 26.Rxc6  1/2-1/2

[Event "Vikings GM"]
[Site "York ENG"]
[Date "1999.12.21"]
[Round "9"]
[White "Barsov,A"]
[Black "Rowson,J"]
[Result "1/2-1/2"]
[WhiteElo "2539"]
[BlackElo "2490"]

1.d4 e6 2.c4 Nf6 3.Nc3 Bb4 4.Nf3 c5 5.g3 O-O 6.Bg2 cxd4 7.Nxd4 d5 8.cxd5 Nxd5
9.Qb3 Qa5 10.Bd2 Nc6 11.Nxc6 bxc6 12.O-O Rb8 13.Nxd5 cxd5 14.a3 Bxd2 15.Qxb8 Bd7
16.Qb7 Ba4 17.Ra2 Qc5 18.b3 Bc6 19.Qc7 Bg5 20.Raa1 Bd8 21.Qf4 Bb5 22.Rfc1 Qe7
23.Ra2 Bb6 24.Qb4 Qxb4 25.axb4 f5 26.e3 g5 27.Bf1 Bd7  1/2-1/2

[Event "Athens op"]
[Site "Athens"]
[Date "1999.??.??"]
[Round "6"]
[White "Eftimakis, Dimitros"]
[Black "Gogolis, Alexandros"]
[Result "0-1"]
[WhiteElo "2098"]
[BlackElo "2242"]

1.d4 Nf6 2.Nf3 e6 3.c4 Bb4+ 4.Nc3 c5 5.a3 Bxc3+ 6.bxc3 d6 7.Qc2 Qe7 8.e4 e5
9.d5 Nbd7 10.g3 Nf8 11.Bg2 h6 12.h3 Ng6 13.O-O O-O 14.Nh2 Ne8 15.g4 Nf6 16.Be3 Nf4
17.Qd2 g5 18.Bxf4 exf4 19.Rfe1 Nd7 20.Nf3 f6 21.Qc2 Kg7 22.Nd2 h5 23.f3 Ne5
24.Kf2 Rh8 25.Rh1 Qc7 26.Ke2 Bd7 27.a4 hxg4 28.fxg4 Rae8 29.a5 Rh7 30.Qb3 Bc8
31.Nf3 Ng6 32.Kf2 Reh8 33.Qa2 Qe7 34.Qc2 Re8 35.Rhe1 Qc7 36.Rab1 Re7 37.Rb2 Rh8
38.Ra2 Qd8 39.Raa1 Qg8 40.Rh1 Qh7 41.Rae1 Rhe8 42.Kf1 Nf8 43.Nd2 Qh4 44.Nb1 Ng6
45.Qf2 f5 46.gxf5 Bxf5 47.Nd2 Bc8 48.Qxh4 Nxh4 49.Kf2 Ng6 50.Bf1 Ne5 51.Nf3 Kf6
52.Nxe5 Rxe5 53.Kf3 Rh8 54.Bg2 Rh4 55.Kf2 Re7 56.Rb1 Ke5 57.Rb2 Reh7 58.Kg1 Bxh3
59.Bxh3 Rxh3 60.Rxh3 Rxh3 61.Rxb7 Kxe4 62.Rxa7 Rxc3 63.Rd7 Kf3 64.Rxd6 Rc1+
65.Kh2 g4  0-1

[Event "ROM-ch sf"]
[Site "Baile Tusnad"]
[Date "1999.??.??"]
[Round "4"]
[White "Itkis, Boris"]
[Black "Bondoc, Dan Vladimir"]
[Result "1-0"]
[WhiteElo "2437"]
[BlackElo "2251"]

1.d4 Nf6 2.c4 e6 3.Nc3 Bb4 4.Nf3 b6 5.e3 Bb7 6.Bd3 O-O 7.O-O d5 8.cxd5 exd5
9.a3 Bd6 10.b4 Nbd7 11.Qb3 a6 12.a4 Rb8 13.b5 a5 14.Ba3 Qe7 15.Rfc1 g6 16.Bf1 h6
17.Ne2 Rbc8 18.Nf4 Rfe8 19.Ra2 Kg7 20.Nd3 Ne4 21.Nde5 Qe6 22.Rac2 Nf8 23.Nd3 Bxa3
24.Qxa3 Qe7 25.Qxe7 Rxe7 26.Nfe5 Ne6 27.g3 Nf6 28.Bh3 Ne8 29.Nf4 Nxf4 30.Bxc8 Bxc8
31.gxf4 Bf5 32.Rc3 f6 33.Nc6 Rf7 34.Nb8 Nd6 35.f3 Be6 36.Rxc7 Nc4 37.Rxf7+ Kxf7
38.Kf2 Ke7 39.e4 Kd6 40.Rc2 Bf7 41.Nc6 Kd7 42.Ke2 Be8 43.Kd3 Bf7 44.Re2 g5
45.f5 Nd6 46.e5 Nxf5 47.exf6 Kd6 48.Nd8 Bh5  1-0

[Event "ROM-ch sf"]
[Site "Baile Tusnad"]
[Date "1999.??.??"]
[Round "6"]
[White "Itkis, Boris"]
[Black "Burnoiu, Costel"]
[Result "1-0"]
[WhiteElo "2437"]
[BlackElo "2312"]

1.d4 Nf6 2.c4 e6 3.Nc3 Bb4 4.Nf3 d5 5.cxd5 exd5 6.Bg5 c6 7.Qc2 Nbd7 8.e3 O-O
9.Bd3 h6 10.Bh4 Re8 11.O-O Bd6 12.Rae1 Nf8 13.e4 Be7 14.exd5 Nxd5 15.Nxd5 cxd5
16.Bg3 Ne6 17.Qd2 Bf6 18.Bc2  1-0

[Event "Regionalliga SW9899"]
[Site "Bayern"]
[Date "1999.??.??"]
[Round "?"]
[White "Blosze, Erik"]
[Black "Wolf, Thomas"]
[Result "0-1"]
[WhiteElo "1995"]
[BlackElo "1985"]

1.d4 Nf6 2.c4 e6 3.Nc3 Bb4 4.Nf3 b6 5.Bg5 Bb7 6.e3 h6 7.Bh4 g5 8.Bg3 Ne4
9.Qc2 Bxc3+ 10.bxc3 Nxg3 11.fxg3 d6 12.Bd3 Nd7 13.O-O Qe7 14.Rf2 O-O-O 15.Qa4 Kb8
16.c5 dxc5 17.Bb5 g4 18.Nh4 cxd4 19.cxd4 Rhg8 20.Rc1 c5 21.Rc3 cxd4 22.exd4 f5
23.Ra3 a5 24.Rb2 Qd6 25.Bxd7 Rxd7 26.Rab3 Qc6 27.Qa3 Qc1+ 28.Kf2 Rxd4  0-1

[Event "Regionalliga NO9899"]
[Site "Bayern"]
[Date "1999.??.??"]
[Round "?"]
[White "Weinmann, Stefan"]
[Black "Goetz, Andreas"]
[Result "1/2-1/2"]
[WhiteElo "2015"]
[BlackElo "2095"]

1.d4 Nf6 2.Nf3 e6 3.c4 Bb4+ 4.Nc3 b6 5.e3 Bb7 6.Be2 Ne4 7.Qc2 O-O 8.a3 Bxc3+
9.bxc3 d6 10.Bb2 Nd7 11.h4 Qe7 12.Ng5 f5 13.Bf3 d5 14.O-O-O h6 15.Nh3 Qxh4
16.g3 Qf6 17.Nf4 dxc4 18.Qe2 b5 19.Rdg1 a5 20.g4 fxg4 21.Rxg4 g5 22.Rh3 Nd6
23.Bxb7 Nxb7 24.Qc2 Rf7 25.f3 Re8 26.Qh2 Kh7 27.Nh5 Qg6 28.Nf4 Qf6 29.Nh5 Qg6  1/2-1/2

[Event "Regionalliga SW9899"]
[Site "Bayern"]
[Date "1999.??.??"]
[Round "?"]
[White "Stuhler, Josef"]
[Black "Ettl, Gerald"]
[Result "1-0"]
[WhiteElo "1760"]
[BlackElo "1905"]

1.d4 Nf6 2.c4 e6 3.Nc3 Bb4 4.Nf3 d5 5.Bg5 Nbd7 6.e3 O-O 7.cxd5 exd5 8.Bd3 Re8
9.O-O c6 10.a3 Be7 11.Qc2 h6 12.Bh4 Ne4 13.Bxe7 Qxe7 14.b4 a6 15.Na4 Nf8
16.Nc5 Bg4 17.Ne5 Bh5 18.Nxe4 dxe4 19.Bxe4 f6 20.Bf3 Bxf3 21.Nxf3 Rad8 22.Rac1 Qe4
23.Qxe4 Rxe4 24.Nd2 Re7 25.Nb3 Ne6 26.Nc5 Ng5 27.Rfd1 h5 28.Rd3 h4 29.h3 Ree8
30.f3 Re7 31.Kf2 f5 32.Re1 Rd5 33.Na4 Rd8 34.Nb6 Ne6 35.Nc4 f4 36.e4 Nc7
37.Ne5 g5 38.a4 Kg7 39.Nc4 Rde8 40.Nd6  1-0

[Event "Canovelles opB"]
[Site "Canovelles"]
[Date "1999.??.??"]
[Round "8"]
[White "Fernandez, Luis"]
[Black "Raya Lara, D."]
[Result "0-1"]
[WhiteElo "1780"]
[BlackElo "1905"]

1.d4 Nf6 2.c4 e6 3.Nc3 Bb4 4.Nf3 h6 5.Qc2 O-O 6.Bd2 Bxc3 7.Bxc3 d5 8.e3 Nbd7
9.Bd3 b6 10.cxd5 Nxd5 11.O-O Bb7 12.e4 Nf4 13.Bc4 Nf6 14.Rfe1 Qc8 15.Bf1 Nd7
16.Rac1 c6 17.Nd2 Qc7 18.Bb4 Rfc8 19.Nc4 c5 20.dxc5 bxc5 21.Na5 e5 22.Nxb7 Qxb7
23.Bd2 Ne6 24.Bc4 Nd4 25.Qd3 Qxb2 26.Bc3 Qa3 27.Qd1 Nb6 28.Bxd4 cxd4 29.Bb3 Rxc1
30.Qxc1 Qxc1 31.Rxc1 Rc8 32.Rd1 g5 33.g3 Kg7 34.f4 f6 35.fxe5 fxe5 36.Kf2 Rc3
37.Rd2 Nd7 38.Rb2 Nf6 39.Bd5 Ng4+ 40.Ke1 Rc7 41.a4 Nf6 42.a5 Nxd5 43.exd5 Rd7
44.Rb5 Kf6 45.Rc5 Rd6 46.g4 e4 47.Rc7 a6 48.Kd2 Ke5 49.Ra7 Kxd5 50.Ra8 Kc4
51.Rc8+ Kb5 52.Re8 e3+ 53.Kd3 Kxa5 54.Rb8 Re6 55.Ke2 d3+ 56.Ke1 d2+ 57.Ke2  0-1

[Event "Cataluna Club op"]
[Site "ESP"]
[Date "1999.??.??"]
[Round "?"]
[White "Guardia Gaset, Josep M"]
[Black "Escudero Martinez, Albert"]
[Result "1-0"]
[WhiteElo "2000"]
[BlackElo "1905"]

1.d4 e6 2.c4 Nf6 3.Nc3 Bb4 4.Nf3 d5 5.Bg5 O-O 6.e3 Nbd7 7.Bd3 c6 8.O-O Be7
9.Ne5 Nxe5 10.dxe5 Nd7 11.Bxe7 Qxe7 12.f4 f5 13.cxd5 exd5 14.Rc1 Nc5 15.Bb1 Ne4
16.a3 Kh8 17.Nxe4 fxe4 18.h3 Qh4 19.Qe1 Qh5 20.Bc2 Qg6 21.Kh2 Qe6 22.Bd1 Qh6
23.g4 g6 24.Qg3 Qg7 25.Kg2 Be6 26.h4 Rg8 27.g5 Bf5 28.Rh1 Rad8 29.Qf2 Qd7
30.Bb3 Bg4 31.Bd1 Rgf8 32.Kg3 Bf5 33.h5 d4 34.hxg6 Bxg6 35.exd4 Qxd4 36.Qxd4 Rxd4
37.Rc3 Rfd8 38.Bc2 Kg8 39.Re1 Kf7 40.b4 Ke6 41.Rce3 b6 42.Bxe4 Bxe4 43.Rxe4 Rxe4
44.Rxe4 Kf5 45.Kf3 Rd3+ 46.Re3 Rd8 47.e6 Kg6 48.Kg4 h5+ 49.gxh6 Kxh6 50.f5 Rd4+
51.Kf3 Rd8 52.Kf4  1-0

[Event "Tres Peons op"]
[Site "ESP"]
[Date "1999.??.??"]
[Round "2"]
[White "Pujol Clua, Ramon"]
[Black "Marques Taltavull, Antonio"]
[Result "0-1"]
[WhiteElo "2085"]
[BlackElo "2180"]

1.d4 Nf6 2.c4 e6 3.Nf3 Bb4+ 4.Nc3 c5 5.e3 d6 6.Be2 Bxc3+ 7.bxc3 Nc6 8.O-O O-O
9.Qc2 e5 10.Bd3 Bg4 11.Ng5 h6 12.Ne4 exd4 13.exd4 cxd4 14.Ba3 Nxe4 15.Bxe4 Qf6
16.cxd4 Nxd4 17.Qd2 Bf5 18.f3 Ne6 19.Bxb7 Rab8 20.Bd5 Nc5 21.Rad1 Rfe8 22.Rfe1 Rxe1+
23.Rxe1 Nd3 24.Rf1 Qd4+ 25.Kh1 Nf2+ 26.Rxf2 Qxd2  0-1

[Event "FIN-chT9899"]
[Site "FIN"]
[Date "1999.??.??"]
[Round "9"]
[White "Tella, Jussi"]
[Black "Lehtivaara, Petri"]
[Result "1/2-1/2"]
[WhiteElo "2425"]
[BlackElo "2359"]

1.d4 Nf6 2.c4 e6 3.Nc3 Bb4 4.Nf3 O-O 5.e3 d5 6.Bd3 Nc6 7.O-O dxc4 8.Bxc4 a6
9.Bd3 Bd6 10.Ne4 e5 11.dxe5 Nxe5 12.Nxd6 Nxf3+ 13.Qxf3 Qxd6 14.Bc2 Bg4 15.Qg3 Qc5
16.Bb3 Rad8 17.f3 Be6 18.Bxe6 fxe6 19.Qf2 Rd3 20.Qe2 Rfd8 21.Kh1 Qe5 22.e4 c5
23.Be3  1/2-1/2

[Event "FRA-chT 9899"]
[Site "FRA"]
[Date "1999.??.??"]
[Round "1"]
[White "Chabanon, Jean Luc"]
[Black "Gofshtein, Leonid D"]
[Result "0-1"]
[WhiteElo "2468"]
[BlackElo "2517"]

1.d4 Nf6 2.c4 e6 3.Nc3 Bb4 4.Nf3 c5 5.g3 cxd4 6.Nxd4 O-O 7.Bg2 d5 8.cxd5 Nxd5
9.Bd2 Nxc3 10.bxc3 Be7 11.Rb1 a6 12.Qc2 Qc7 13.O-O Nd7 14.Bf4 e5 15.Nf5 Bc5
16.Bg5 Nb6 17.a4 Re8 18.g4 Rb8 19.Qe4 a5 20.Nd4 f6 21.Bc1 Bd7 22.Nb5 Qc8
23.Na7 Qd8 24.Rd1 Qe7 25.Ba3 Nc4 26.Rxb7 Rxb7 27.Qxb7 Bd6 28.Bc5  0-1

[Event "FRA-chT 9899"]
[Site "FRA"]
[Date "1999.??.??"]
[Round "2"]
[White "Bouton, Christophe"]
[Black "Rechlis, Gad"]
[Result "0-1"]
[WhiteElo "2238"]
[BlackElo "2514"]

1.d4 Nf6 2.c4 e6 3.Nc3 Bb4 4.Nf3 c5 5.g3 d5 6.cxd5 Nxd5 7.Bd2 cxd4 8.Nxd5 Bxd2+
9.Qxd2 Qxd5 10.Qxd4 Qa5+ 11.Qc3 Qxc3+ 12.bxc3 Nc6 13.Bg2 Bd7 14.Nd4 Rc8 15.O-O Ke7
16.Rfc1 b6 17.Bxc6 Bxc6 18.a4 Bd7 19.c4 e5 20.Nb5 Rc5 21.Nxa7 Be6 22.Nb5 Ra8
23.f3 Rxc4 24.Rxc4 Bxc4 25.Nc3 b5 26.Kf2 Ra5 27.Ke3 h6 28.h4 Ke6 29.Rb1 bxa4
30.Rb4 Bb3 31.Kd2 Kd6 32.Ne4+ Kc6 33.Kc3 a3 34.Kxb3 a2 35.Rc4+ Kd7 36.Rc1 a1=Q
37.Rxa1 Rxa1 38.g4 Rh1 39.h5 Rh2 40.Nc3 f5 41.gxf5 Rxh5 42.Kc4 Rxf5 43.Kd5 h5
44.Ke4 Rg5  0-1

[Event "FRA-chT 9899"]
[Site "FRA"]
[Date "1999.??.??"]
[Round "10"]
[White "Vaisser, Anatoli"]
[Black "Kosten, Anthony C"]
[Result "1-0"]
[WhiteElo "2559"]
[BlackElo "2502"]

1.d4 Nf6 2.c4 e6 3.Nc3 Bb4 4.Nf3 b6 5.Bg5 Bb7 6.e3 h6 7.Bh4 Bxc3+ 8.bxc3 d6
9.Nd2 Qe7 10.f3 e5 11.e4 Nbd7 12.Bd3 O-O 13.Nf1 exd4 14.cxd4 d5 15.cxd5 Qb4+
16.Qd2 Qxd4 17.Rc1 Nxd5 18.Bf2 Qe5 19.Bg3 Qe7 20.Kf2 Nb4 21.Rxc7 Bc6 22.Be2 Qc5+
23.Ne3 Ne5 24.a3 Nbd3+ 25.Bxd3 Nxd3+ 26.Qxd3 Rad8 27.Qe2 Qa5 28.Rd1 Bb5 29.Qe1 Qxa3
30.Nd5 a5 31.Qd2 Ba4 32.Rb1 Bb3 33.Qc3  1-0

[Event "FRA-chT 9899"]
[Site "FRA"]
[Date "1999.??.??"]
[Round "11"]
[White "Summerscale, Aaron"]
[Black "Komarov, Dimitri"]
[Result "1/2-1/2"]
[WhiteElo "2440"]
[BlackElo "2588"]

1.d4 e6 2.c4 Nf6 3.Nc3 Bb4 4.Nf3 c5 5.e3 O-O 6.Bd3 d5 7.cxd5 exd5 8.Ne5 Nbd7
9.O-O Re8 10.f4 Nf8 11.Ne2 Ne4 12.a3 Ba5 13.b4 cxb4 14.axb4 Bb6 15.Bxe4 dxe4
16.Nc3 Bf5 17.Qb3 Qe7 18.Nc4  1/2-1/2

[Event "BCF-chTB 98/99"]
[Site "GBR"]
[Date "1999.??.??"]
[Round "8"]
[White "Dunworth, Christopher"]
[Black "Kwiatkowski, Feliks J"]
[Result "1-0"]
[WhiteElo "2310"]
[BlackElo "2255"]

1.d4 e6 2.c4 Nf6 3.Nc3 Bb4 4.Nf3 c5 5.dxc5 Bxc3+ 6.bxc3 Qa5 7.e3 Na6 8.Be2 Nxc5
9.O-O O-O 10.Nd4 Nfe4 11.Bd2 b6 12.Nb3 Qa4 13.Be1 Ba6 14.f3 Nf6 15.Nxc5 Qxd1
16.Rxd1 bxc5 17.Rd6 Bb7 18.e4 Bc6 19.Bf2 Rfc8 20.e5 Ne8 21.Rd2 f6 22.f4 Rab8
23.Be3 Rb7 24.Bh5 g6 25.Be2 Kf7 26.g4 Be4 27.Kf2 Ke7 28.Rfd1 d6 29.exd6+ Kd7
30.f5 gxf5 31.gxf5 Bxf5 32.Bh6 Rb6 33.Bf8 Be4 34.Ke3 f5 35.Bh5 Nf6 36.Be7 Nxh5
37.Rg1 Rb1 38.Rg5 Re1+ 39.Kf2 Rc1 40.Rxh5 Rxc3 41.Rxh7 Rf3+ 42.Ke2 Rg8 43.Bg5+ Kc6
44.h4 f4 45.Rc7+ Kb6 46.Rb2+ Ka6 47.Rb3 Rxb3 48.axb3 Kb6 49.Bxf4 Bc6 50.b4 Rg2+
51.Kf1 Rg4 52.Be3 Rxc4 53.bxc5+ Kb5 54.d7 Bxd7 55.Rxd7 Rxh4 56.Rxa7 Rc4 57.Re7 Re4
58.Ke2 Kc6 59.Kf3 Re5 60.Kf4 Rf5+ 61.Ke4 Rf6 62.Ke5 Rf5+ 63.Kxe6 Rf3 64.Bd4 Rf1
65.Rg7 Re1+ 66.Kf7 Rf1+ 67.Ke8 Re1+ 68.Re7 Rd1 69.Re6+ Kc7 70.Be5+ Kc8 71.Rb6 Rd8+
72.Ke7 Re8+ 73.Kd6 Rg8 74.Kc6 Rg6+ 75.Bd6  1-0

[Event "Oberliga Ost B9899"]
[Site "GER"]
[Date "1999.??.??"]
[Round "?"]
[White "Derichs, Roger"]
[Black "Klings, Peter"]
[Result "1/2-1/2"]
[WhiteElo "2275"]
[BlackElo "2175"]

1.d4 Nf6 2.c4 e6 3.Nf3 Bb4+ 4.Nc3 O-O 5.g3 d6 6.Bg2 Nbd7 7.O-O Bxc3 8.bxc3 Qe7
9.a4 e5 10.Ne1 Re8  1/2-1/2